|
|
|
|
| LEADER |
01647nam a2200397 a 4500 |
| 001 |
EBC932828 |
| 003 |
MiAaPQ |
| 005 |
20200520144314.0 |
| 006 |
m o d | |
| 007 |
cr cn||||||||| |
| 008 |
120621s2012 flua sb 000 0 eng d |
| 020 |
|
|
|z 9781439869222
|
| 020 |
|
|
|a 9781439869277 (electronic bk.)
|
| 035 |
|
|
|a (MiAaPQ)EBC932828
|
| 035 |
|
|
|a (Au-PeEL)EBL932828
|
| 035 |
|
|
|a (CaPaEBR)ebr10568738
|
| 035 |
|
|
|a (CaONFJC)MIL692925
|
| 035 |
|
|
|a (OCoLC)795120436
|
| 040 |
|
|
|a MiAaPQ
|c MiAaPQ
|d MiAaPQ
|
| 050 |
|
4 |
|a HV6768
|b .F56 2012
|
| 245 |
0 |
0 |
|a Financial crimes
|h [electronic resource] :
|b a threat to global security /
|c edited by Maximillian Edelbacher, Peter Kratcoski, Michael Theil.
|
| 260 |
|
|
|a Boca Raton, Fla. :
|b CRC Press,
|c 2012.
|
| 300 |
|
|
|a xxvii, 408 p. :
|b ill.
|
| 490 |
1 |
|
|a Advances in police theory and practice series
|
| 504 |
|
|
|a Includes bibliographical references.
|
| 505 |
0 |
|
|a section 1. New security concepts -- section 2. Financial crimes : a global threat -- section 3. Preventing another financial crisis : roles of control mechanisms.
|
| 533 |
|
|
|a Electronic reproduction. Ann Arbor, MI : ProQuest, 2015. Available via World Wide Web. Access may be limited to ProQuest affiliated libraries.
|
| 650 |
|
0 |
|a Commercial crimes.
|
| 650 |
|
0 |
|a Commercial criminals.
|
| 655 |
|
4 |
|a Electronic books.
|
| 700 |
1 |
|
|a Edelbacher, Maximillian.
|
| 700 |
1 |
|
|a Kratcoski, Peter.
|
| 700 |
1 |
|
|a Theil, Michael.
|
| 710 |
2 |
|
|a ProQuest (Firm)
|
| 830 |
|
0 |
|a Advances in police theory and practice series.
|
| 856 |
4 |
0 |
|u https://ebookcentral.proquest.com/lib/matrademy/detail.action?docID=932828
|z Click to View
|